000 00820nam a22002657a 4500
999 _c15601
_d15601
003 AR-CdUCM
008 190429b ||||| |||| 00| 0 spa d
020 _a978-84-9825-539-3
040 _aMUNICIPALIDAD PROVINCIAL DEL CUSCO
_cBIBLIOTECA MUNICIPAL DEL CUSCO
082 _aPI / 803.8 /
_bSI57
110 _aCombel editorial
_933005
245 _aLa sirenita /
260 _aBarcelona :
_bCombel,
_c2011.
300 _bIlustraciones, graficos, dibujos
_c25 cm.
440 _aColección troquelados clasicos
_n42
_934727
500 _aCuentos infantiles
650 _aCuentos
_9312
650 _aHistorias
_92725
650 _aLiteratura
_983
700 _aRuiz, Margarita
_934715
700 _aBlázquez, Carmen
_934716
856 _fwww.combeleditorial.com
942 _2ddc
_cLIBROS
945 _apjha
_d2019-04-29